Shifting worlds, changing minds : where the sciences and Buddhism meet /

Bibliographic Details
Main Author: Hayward, Jeremy W.
Format: Book
Language:English
Published: Boston : New Science Library, 1987.
Subjects:

MARC

Tag First Indicator Second Indicator Subfields
LEADER 00000cam a2200000 a 4500
001 in00000015938
005 20151007052635.0
008 870409s1987 maua b 00110 eng
010 |a  87009732  
020 |a 0977733688 (pbk.) :  |c $12.95 
035 |a (OCoLC)15588771 
035 |9 AAA8620AM 
040 |a DLC  |c DLC  |d TXA  |d UtOrBLW 
049 |a TXAM  |c [A11056710] 
050 0 0 |a BQ4570.P76  |b H39 1987 
082 0 |a 110  |2 19 
100 1 |a Hayward, Jeremy W. 
245 1 0 |a Shifting worlds, changing minds :  |b where the sciences and Buddhism meet /  |c Jeremy W. Hayward. 
264 1 |a Boston :  |b New Science Library,  |c 1987. 
300 |a 310 pages :  |b illustrations ;  |c 23 cm. 
336 |a text  |b txt  |2 rdacontent 
337 |a unmediated  |b n  |2 rdamedia 
338 |a volume  |b nc  |2 rdacarrier 
504 |a Bibliography: pages 283-294. 
500 |a Includes index. 
650 0 |a Buddhism  |x Psychology. 
650 0 |a Buddhism and science. 
999 |a MARS 
999 f f |s 9ec91d65-06e5-3498-88df-e0d2040b5c4f  |i 8e5dbc75-fff3-380a-afb5-790640c3e49c  |t 0 
952 f f |p ric  |a Texas A&M University  |b Rellis Campus  |c Joint Library Facility  |d Remote Storage  |t 0  |e BQ4570.P76 H39 1987  |h Library of Congress classification  |i unmediated -- volume  |m A14811056710 
998 f f |a BQ4570.P76 H39 1987  |t 0  |l Remote Storage